| 000 | 02276nam a22001337a 4500 | ||
|---|---|---|---|
| 999 |
_c533015 _d533015 |
||
| 008 | 260413b ||||| |||| 00| 0 eng d | ||
| 100 |
_aBrady, David Luft, Aliza and Sivan, Ezra W. Zuckerman _960066 |
||
| 245 | _aHow does culture matter for attainment, and how would we know if it did? | ||
| 260 | _aAmerican Sociological Review | ||
| 300 | _a90(5), Oct, 2025: p.916-931 | ||
| 520 | _aIn their 2022 ASR article, Horwitz, Matheny, Laryea, and Schnabel (HMLS 2022) argue that religious subculture significantly shapes educational stratification, emphasizing how Jewish subcultures, especially for young women, foster an education-enhancing “habitus and self-concept.” While commending their aim to identify “clear explanatory mechanisms” and avoid essentialist explanations, this Comment critiques HMLS’s methodology and conclusions, addressing the broader question: Can parental cultural socialization explain group-level differences in educational attainment? We identify four issues: mismeasurement of Jewish parentage, insufficient controls for social class, and two gaps in specifying and operationalizing cultural mechanisms. Re-analyzing the National Survey of Youth and Religion (NSYR), we show that HMLS’s findings remain stable after correcting Jewish parentage mismeasurement but shift substantially when better adjusting for social class. We argue that cultural explanations must meet two additional principles—portability and convertibility—to avoid lapsing into essentialism or reproducing “culture of poverty” narratives. These principles require that (a) social and cultural mechanisms function independently of group membership and be transferable across actors and fields, and (b) structural advantages and barriers are acknowledged and integrated. This Comment thus extends existing guidelines for analyzing the role of culture in stratification and offers a framework for identifying non-essentialist mechanisms driving group differences in attainment.-Reproduced https://journals.sagepub.com/doi/full/10.1177/00031224251344634?_gl=1*tvjs5p*_up*MQ..*_ga*MTEzNzQwOTMxLjE3NzYwN TgzODU.*_ga_60R758KFDG*czE3NzYwNTgzODUkbzEkZz EkdDE3NzYwNTg0MzUkajEwJGwwJGg1ODIzODU5ODE. | ||
| 773 | _aAmerican Sociological Review | ||
| 942 | _cAR | ||